U.S. City Skylines - Statistics

General Stats
  • This quiz has been taken 329 times
  • The average score is 12 of 16
Answer Stats
Picture Answer % Correct
Chicago
93%
Miami
88%
Boston
87%
San Francisco
86%
Dallas
82%
Philadelphia
81%
Houston
80%
Atlanta
77%
Denver
76%
Honolulu
72%
Pittsburgh
70%
Nashville
66%
Minneapolis
65%
Baltimore
57%
Columbus
52%
Milwaukee
51%
No matching quizzes found
Score Distribution
Percent of People with Each Score
Percentile by Number Answered
Your Score History
You have not taken this quiz